000 00240nam a2200109Ia 4500
008 190216s9999||||xx |||||||||||||| ||und||
100 _aNayar G K
245 0 _aLaboratory Handbook
260 _bAbp Pub
_c1955
300 _a55p
942 _cREF
999 _c35763
_d35763